LDR 00808naa#a2200193#i#450# 001 EN\\bibl\123286 005 20260704004644.6 011 ## _a2686-9896 100 ## _a20260515b2026####ek#y0engy0150####ca 102 ## _aRU 200 1# _aINTERNATIONAL CLUB AS A TOOL FOR INTEGRATION OF FOREIGN STUDENTS INTO THE EDUCATIONAL ENVIRONMENT _eJournal article 210 1# _aAngarsk _cFederal State Funded Educational Establishment of Higher Education «Angarsk State Technical University» _d2026 215 ## _a1 с. 608 ## _aJournal article _2local 675 ## _aВысшее образование. Высшая школа. Подготовка научных кадров. 378 _z 700 #1 _aOkon Emmanuel _gNtiero 700 #1 _aSverdlova _gEkaterina Yakovlevna 700 #1 _aSverdlova _gOl'ga Leonidovna 856 4# _aangtu.editorum.ru _u